000 00825cam a2200265 i 4500
001 6980
003 BD-RjUL
005 20211208234340.0
008 140113s1979 ii 001 0 eng d
035 _a(BD-RjUL) 7022
040 _aDLC
_cDLC
_dBD-RjUL
_beng
041 _aeng
082 0 0 _a380.1095414
_219
_bTRT 1979
100 1 _aTripathi, Amales,
_d1921-
_921891
245 1 0 _aTrade and finance in the Bengal Presidency, 1793-1833 /
_cAmales Tripathi.
250 _aNew and rev. ed.
260 _aCalcutta :
_bOxford University Press,
_c1979.
300 _axii, 340 p. ;
_c23 cm.
504 _aIncludes indexes.Bibliography: p. [313]-324.
610 2 0 _aEast India Company.
_919103
650 0 _aIndustries
_zIndia
_zBengal
_xHistory.
_921892
942 _2ddc
_cBK
999 _c6980
_d6980